Sports Quiz

Random Sports or NFL Quiz

NFL Top 100: Top 10 Quiz Stats

 Plays Quiz Updated Sep 13, 2016

Challenge
Share
Tweet
Embed
Score 0/80 Timer 06:00
4 Plays Today
Year Player % Correct
2016-17Tom Brady
99.6%
2010-11Tom Brady
99.5%
2011-12Tom Brady
99.5%
2012-13Tom Brady
99.5%
2013-14Tom Brady
99.5%
2014-15Tom Brady
99.5%
2015-16Tom Brady
99.5%
2017-18Tom Brady
99.3%
2010-11Peyton Manning
98.7%
2012-13Peyton Manning
98.7%
2013-14Peyton Manning
98.7%
2014-15Peyton Manning
98.7%
2011-12Aaron Rodgers
97.5%
2012-13Aaron Rodgers
97.5%
2014-15Aaron Rodgers
97.5%
2015-16Aaron Rodgers
97.5%
2016-17Aaron Rodgers
97.1%
2010-11Drew Brees
96.8%
2011-12Drew Brees
96.8%
2013-14Drew Brees
96.8%
2010-11Adrian Peterson
96.7%
2011-12Adrian Peterson
96.7%
2012-13Adrian Peterson
96.7%
2013-14Adrian Peterson
96.7%
2015-16Adrian Peterson
96.7%
2017-18Aaron Rodgers
96.1%
2017-18Drew Brees
95.9%
2011-12Calvin Johnson
95%
2012-13Calvin Johnson
95%
2013-14Calvin Johnson
95%
2014-15Calvin Johnson
95%
2012-13J.J. Watt
94.3%
2014-15J.J. Watt
94.3%
2015-16J.J. Watt
94.3%
2015-16Cam Newton
94.3%
2016-17Julio Jones
93.8%
2010-11Andre Johnson
93.6%
2014-15Rob Gronkowski
93.3%
2015-16Rob Gronkowski
93.3%
2014-15Andrew Luck
93.3%
Year Player % Correct
2016-17Antonio Brown
93.1%
2014-15Antonio Brown
92%
2015-16Antonio Brown
92%
2016-17Odell Beckham Jr.
91.8%
2015-16Julio Jones
91.7%
2016-17Matt Ryan
91.7%
2017-18Julio Jones
91.5%
2015-16Odell Beckham Jr.
90.7%
2014-15Marshawn Lynch
90%
2017-18Antonio Brown
89.5%
2010-11Ray Lewis
89.4%
2016-17Von Miller
88.5%
2011-12Larry Fitzgerald
88.2%
2016-17Le'Veon Bell
88.1%
2010-11Darrelle Revis
86.2%
2011-12Darrelle Revis
86.2%
2013-14A.J. Green
85.9%
2013-14Richard Sherman
85.7%
2017-18Le'Veon Bell
85.4%
2017-18Carson Wentz
83.6%
2017-18Von Miller
83.1%
2016-17Ezekiel Elliott
82.5%
2013-14Jimmy Graham
81.4%
2013-14Jamaal Charles
80.6%
2014-15DeMarco Murray
80%
2012-13Von Miller
79.7%
2010-11Ed Reed
79.3%
2012-13Arian Foster
76.9%
2013-14LeSean McCoy
76.9%
2017-18Todd Gurley
75.9%
2016-17Khalil Mack
74.1%
2015-16Luke Kuechly
73.5%
2010-11Troy Polamalu
72.2%
2017-18Aaron Donald
67.5%
2011-12Patrick Willis
61.6%
2012-13Patrick Willis
61.6%
2010-11Julius Peppers
59.4%
2011-12DeMarcus Ware
57.3%
2011-12Haloti Ngata
52.3%
2012-13Aldon Smith
51%

You're not logged in!

Compare scores with friends on all Sporcle quizzes.
Join for Free
OR
Log In

You Might Also Like...

Show Comments

Extras

Top Quizzes Today


Score Distribution

Your Account Isn't Verified!

In order to create a playlist on Sporcle, you need to verify the email address you used during registration. Go to your Sporcle Settings to finish the process.

Report this User

Report this user for behavior that violates our Community Guidelines.

Details: